000 00284nam a22001337a 4500
008 171124b xxu||||| |||| 00| 0 eng d
020 _a0195020219
041 _aeng
080 _a94
100 _a16
101 _aHIS
245 _aTHE NEW CENTURY
_cBARTLETT, R.A
942 _2udc
_cBK
999 _c38506
_d38506